000 00822cam a2200277 4500
001 30829
003 BD-RjUL
005 20211209051625.0
008 140412s1950 nyu b 001 0 eng
020 _a0836919238
035 _a(BD-RjUL)30916
040 _aDLC
_cDLC
_dDLC
_dBD-RjUL
_beng
041 _aeng
082 0 0 _a109
_bHIS 1950
245 0 2 _aA history of philosophical systems /
_cedited by Vergilius T. A. Ferm.
260 _aNew York :
_bThe philosophical Library,
_cc1950.
300 _axiv, 642 p. ;
_c23 cm.
490 0 _aEssay index reprint series
504 _aIncludes bibliographies & Index.
650 0 _aPhilosophy
_xHistory.
_993639
700 1 _aFerm, Vergilius Ture Anselm.
_993638
740 _aPhilosophical systems.
942 _2ddc
_cBK
999 _c30829
_d30829